<?xml version="1.0" encoding="UTF-8"?>
<collection xmlns="http://www.loc.gov/MARC21/slim">
  <record>
    <leader>00000nam  2200000   4500</leader>
    <controlfield tag="001">INLIS000000000000148</controlfield>
    <controlfield tag="005">20190514104443</controlfield>
    <datafield tag="035" ind1="#" ind2="#">
      <subfield code="a">0010-0718000148</subfield>
    </datafield>
    <controlfield tag="008">190514################g##########0#ind##</controlfield>
    <datafield tag="020" ind1="#" ind2="#">
      <subfield code="a">9789797695828</subfield>
    </datafield>
    <datafield tag="041" ind1=" " ind2=" ">
      <subfield code="a">id</subfield>
    </datafield>
    <datafield tag="082" ind1="#" ind2="#">
      <subfield code="a">352.13</subfield>
    </datafield>
    <datafield tag="090" ind1=" " ind2=" ">
      <subfield code="a">352.13 Naw m</subfield>
    </datafield>
    <datafield tag="100" ind1=" " ind2="#">
      <subfield code="a">Nawawi, Zaidan</subfield>
    </datafield>
    <datafield tag="245" ind1="1" ind2="#">
      <subfield code="a">Manajemen pemerintahan /</subfield>
      <subfield code="c">Zaidan Nawawi</subfield>
    </datafield>
    <datafield tag="250" ind1="#" ind2="#">
      <subfield code="a">Ed.1</subfield>
    </datafield>
    <datafield tag="260" ind1="#" ind2="#">
      <subfield code="a">Jakarta :</subfield>
      <subfield code="b">Rajawali Press,</subfield>
      <subfield code="c">2013</subfield>
    </datafield>
    <datafield tag="300" ind1="#" ind2="#">
      <subfield code="a">viii, 213 hlm. ;</subfield>
      <subfield code="c">20 cm</subfield>
    </datafield>
    <datafield tag="650" ind1=" " ind2="#">
      <subfield code="a">Manajemen</subfield>
    </datafield>
    <datafield tag="084" ind1="#" ind2="#">
      <subfield code="a">352.13 Naw m</subfield>
    </datafield>
    <datafield tag="520" ind1="#" ind2="#">
      <subfield code="a">Organisasi dan Manajemen dipengaruhi oleh beberapa faktor, antara lain: faktor kultur dan budaya dan fungsi yang harus dilaksanakan oleh pemerintah daerah. Pengaruh faktor budaya dan kultur yang berupa nilai, norma dan sikap maupun eksseptasi para pegawai terhadap organisasi dan manajemen pemerintahan, memaksa pemerintah melakukan berbagai langkah dan tindakan dalam penyelenggaraan negara guna terwujudnya pemerintahan yang baik dan bersih. Upaya-upaya yang sedang dan terus dilaksanakan oleh pemerintah dalam kaitan dengan penyelenggaraan pemerintahan yang baik antara lainmelakukan aktivitas-aktivitas yang mengacu pada: transparansi, akuntabilitas, demokratis, rule of law, dan partisipasi masyarakat. Buku penting ini sangat sesuai untuk mahasiswa ilmu sosial dan ilmu politik khususnya jurusan ilmu administrasi negara, para pelaksana birokrasi, hingga pengamat birokrasi.</subfield>
    </datafield>
    <datafield tag="856" ind1="#" ind2="#">
      <subfield code="a">Perpustakaan Lembaga Administrasi Negara</subfield>
    </datafield>
    <datafield tag="990" ind1="#" ind2="#">
      <subfield code="a">14127065</subfield>
    </datafield>
    <datafield tag="990" ind1="#" ind2="#">
      <subfield code="a">14127065</subfield>
    </datafield>
    <datafield tag="990" ind1="#" ind2="#">
      <subfield code="a">14127064</subfield>
    </datafield>
    <datafield tag="990" ind1="#" ind2="#">
      <subfield code="a">14127065</subfield>
    </datafield>
  </record>
</collection>
